00576nam a22002171 4500001001300000003000400013005001700017008004100034010001700075025001900092050001500111082000800126100003200134245005700166260003500223300002200258350001600280504003000296650001500326999001700341sa 68003643 DLC20260227112454.0710903s1967 ii b 00000 eng  asa 68003643  aPL480:I-E-93900 aHM51b.B35 a30110aBasu, Minendra Nath,d1911-10aSociology; an applied limb of cultural anthropology.0 aCalcutta,bWorld Press,c1967. ax, 151 p.c22 cm. aRs10a$2.50 aBibliography: p. 143-151. 0aSociology. c79640d79640